Normal view
MARC view
Entry Personal Name
001 - CONTROL NUMBER
- control field: 1969
003 - CONTROL NUMBER IDENTIFIER
- control field: BD-RjUL
005 - DATE AND TIME OF LATEST TRANSACTION
- control field: 20220322111944.0
008 - FIXED-LENGTH DATA ELEMENTS
- fixed length control field: 220322|| aca||aabn | a|a d
040 ## - CATALOGING SOURCE
- Original cataloging agency: BD-RjUL
- Transcribing agency: BD-RjUL
100 ## - HEADING--PERSONAL NAME
- Personal name: আলী, মোহাম্মদ, তও্বাবধায়ক
670 ## - SOURCE DATA FOUND
- Source citation: Work cat.: (BD-RjUL)79595: সানাউল্লাহ্,মো: 1964, জনগণের আর্থ-সামাজিক ও পারিপার্শ্বিক অবস্হার উন্নয়নে বরেন্দ্র প্রকল্পের ভূমিকা :, ২০০৬